ARRUPE JESUIT UNIVERSITY

CORONAVIRUS -STOP THE SPREAD - CLEAN,DISINFECT,COVER

The Feynman lectures on physics (Record no. 42594)

MARC details
000 -LEADER
fixed length control field 00426nam a2200169Ia 4500
003 - CONTROL NUMBER IDENTIFIER
control field 0100
008 - FIXED-LENGTH DATA ELEMENTS--GENERAL INFORMATION
fixed length control field 130303s9999 xx 000 0 und d
040 ## - CATALOGING SOURCE
Transcribing agency ARRUPELIB
050 ## - LIBRARY OF CONGRESS CALL NUMBER
Classification number QC23.F47 1963
100 ## - MAIN ENTRY--PERSONAL NAME
Personal name Feynman, Richard P
245 #4 - TITLE STATEMENT
Title The Feynman lectures on physics
245 ## - TITLE STATEMENT
Remainder of title Mainly mechanics, radiation, and heat
260 ## - PUBLICATION, DISTRIBUTION, ETC. (IMPRINT)
Place of publication, distribution, etc California
260 ## - PUBLICATION, DISTRIBUTION, ETC. (IMPRINT)
Name of publisher, distributor, etc Addison-Wesley Publi. Co.
260 ## - PUBLICATION, DISTRIBUTION, ETC. (IMPRINT)
-- 1963
942 00 - ADDED ENTRY ELEMENTS (KOHA)
Koha issues (borrowed), all copies 2
Holdings
Withdrawn status Lost status Source of classification or shelving scheme Damaged status Not for loan Collection code Home library Current library Date acquired Total Checkouts Full call number Barcode Date last seen Copy number Price effective from Koha item type Shelving location Date checked out
    Library of Congress Classification     Main Collection ARRUPE LIBRARY ARRUPE LIBRARY 04/03/2013   L QC23.F47 1963 46003040906 04/03/2013 1 04/03/2013 Monograph ( Printed materials)    
    Library of Congress Classification     Main Collection ARRUPE LIBRARY ARRUPE LIBRARY 04/03/2013   L QC23.F47 1963 46003040903 04/03/2013 2 04/03/2013 Monograph ( Printed materials)    
    Library of Congress Classification     Main Collection ARRUPE LIBRARY ARRUPE LIBRARY 04/03/2013 3 QC23.F47 1963 46003086876 02/07/2019 3 04/03/2013 Monograph ( Printed materials)   15/01/2018

 

Arrupe Library. PO Box MP320 Mt Pleasant, Harare, Zimbabwe
263 242 745411|librarian@aju.ac.zw